000 00648nam a2200277Ia 4500
005 20260324142547.0
008 008 260324s9999 xx 000 0 eng d
020 _a9781003068112
037 _aEBOOK
040 _aCRL
040 _beng
040 _cCRL
041 _2eng
041 _aeng
084 _qCRL
100 _aJames D. Taylor
_91169111
245 0 _aIntroduction to Ultra-Wideband Radar Systems
260 _bTaylor and Francis
260 _c1994
365 _a
365 _b840
856 _uhttp://www.taylorfrancis.com/books/9781003068112
942 _cEBOOK
999 _c1816730
_d1816730